000 00831nam a2200253Ia 4500
003 OSt
005 20220923211151.0
006 a|||||r|||| 00| 0
007 ta
008 Pun
020 _a81876541082 (hbk)
_c140
024 _a244,054
037 _b194, 08/10/2010, H.K. Prakashan
_cTextual
040 _aARTS
_cARTS
_bPun
041 _2Pun
_aPun
082 _aO153,1NBA9x, Q0
100 _aਬਾਹਰਲਾ, ਜੋਗਿੰਦਰ
_9156271
245 0 _aਚਾਨਣੀਆਂ ਲੰਘ ਗਈਆਂ
260 _aਦਿੱਲੀ
_b ਮਨਪ੍ਰੀਤ ਪ੍ਰਕਾFਨ
_c2010
300 _a80ਪੰ
_ccm.
650 _aਪੰਜਾਬੀ ਸਾਹਿਤ
942 _hO153,1NBA9x, Q0
_cTEXL
_2CC
999 _c296227
_d296227